[Event "Murmansk ChessMates 4th"]
[Site "Murmansk"]
[Date "2020.03.14"]
[Round "4.1"]
[White "Khmil, Fedor"]
[Black "Smirnova, Jekaterina"]
[Result "1/2-1/2"]
[WhiteElo "1470"]
[BlackElo "1439"]
[PlyCount "55"]
[EventDate "2020.03.13"]
[EventType "team-tourn"]
[EventRounds "5"]
[EventCountry "RUS"]
[SourceTitle "CBM 195 Extra"]
[Source "ChessBase"]
[SourceDate "2020.05.31"]
[SourceVersion "1"]
[SourceVersionDate "2020.05.31"]
[SourceQuality "1"]
[WhiteTeam "Murmansk CF"]
[BlackTeam "Estonia Maletaht"]
[WhiteTeamCountry "RUS"]
[BlackTeamCountry "EST"]

1. e4 c5 2. Nf3 e6 3. d4 cxd4 4. Nxd4 a6 5. Nc3 Nc6 6. Be3 Bb4 7. Be2 Nf6 8. f3 0-0 9. 0-0 d5 10. exd5 Nxd5 11. Nxd5 exd5 12. Kh1 Re8 13. Bf2 Bd6 14. c3 Nxd4 15. cxd4 Bf5 16. Bd3 Bxd3 17. Qxd3 Bf4 18. Rfe1 Qd7 19. g3 Bd6 20. Kg2 Rac8 21. Rac1 g6 22. Qb3 Bf8 23. Rxc8 Rxc8 24. Re5 Rd8 25. Re2 Rc8 26. Re5 Rd8 27. Re2 Rc8 28. Re5 1/2-1/2

[Event "Paris ChessMates 3rd"]
[Site "Paris"]
[Date "2019.03.30"]
[Round "3.2"]
[White "Khmil, Fedor"]
[Black "Trivedi, Aarnavh"]
[Result "0-1"]
[WhiteElo "1321"]
[BlackElo "1690"]
[PlyCount "98"]
[EventDate "2019.03.29"]
[EventType "team-tourn"]
[EventRounds "5"]
[EventCountry "FRA"]
[SourceTitle "CBM 189 Extra"]
[Source "ChessBase"]
[SourceDate "2019.06.03"]
[SourceVersion "1"]
[SourceVersionDate "2019.06.03"]
[SourceQuality "1"]
[WhiteTeam "Murmansk Region"]
[BlackTeam "England"]
[WhiteTeamCountry "RUS"]
[BlackTeamCountry "ENG"]

1. e4 c6 2. d4 d5 3. Nc3 dxe4 4. Nxe4 Bf5 5. Ng3 Bg6 6. Nf3 Nd7 7. h4 h6 8. h5 Bh7 9. Bd3 Bxd3 10. Qxd3 e6 11. Bf4 Qa5+ 12. c3 Ngf6 13. 0-0 Nxh5 14. Nxh5 Qxh5 15. c4 Be7 16. Rfe1 Qg4 17. Qe3 0-0 18. Ne5 Nxe5 19. Bxe5 Rad8 20. Rad1 Bd6 21. d5 Bxe5 22. Qxe5 Qxc4 23. dxe6 Qxe6 24. Qxe6 fxe6 25. Rxd8 Rxd8 26. Rxe6 Rd1+ 27. Kh2 Rd2 28. Re8+ Kh7 29. Ra8 a6 30. Kg3 Rxb2 31. Rb8 Kg6 32. a4 Rb4 33. a5 c5 34. Rc8 Rb5 35. Rc7 c4 36. Kf3 Rxa5 37. Rxb7 Ra3+ 38. Ke4 Rb3 39. Ra7 Rb6 40. Kd4 Rc6 41. Kc3 Kf6 42. Rd7 g5 43. Rd5 Kg6 44. g4 Rf6 45. Rd2 Rf3+ 46. Kb4 c3 47. Rd6+ Rf6 48. Rd3 Rc6 49. Rd1 c2 0-1